Click to Translate - Uyghur - Statistics

General Stats
  • This quiz has been taken 339 times
  • The average score is 11 of 20
Answer Stats
Hint Answer % Correct
Man ئادەم (adem)
78%
Apple ئالما (alma)
77%
Book كىتاب (kitab)
77%
We بىز (biz)
72%
Eye كۆز (köz)
68%
Five بەش (besh)
66%
Friday جۈمه (jüme)
64%
Thank you رەھمەت (rehmet)
60%
Fish بېلىق (bëliq)
58%
What نېمە (neme)
57%
Yellow سېرىق (sëriq)
55%
Knife پىچاق (pichak)
54%
Yesterday تۈنۈگۈن (tünügün)
53%
Money پۇل (pul)
47%
Chair ئورۇندۇق (orunduq)
39%
Bad يامان (yaman)
37%
Tree دەرەخ (derex)
32%
Sock پايپاق (paypaq)
31%
Factory زاۋۇت (zawut)
28%
Big چوڭ (chong)
24%
No matching quizzes found
Score Distribution
Percent of People with Each Score
Percentile by Number Answered
Your Score History
You have not taken this quiz